| 000 | 01195nam a22002657a 4500 | ||
|---|---|---|---|
| 005 | 20240530110948.0 | ||
| 008 | 221019s2021 ua bh f b 000 0 ara d | ||
| 017 |
_a2021/13035 _bمصر. دار الكتب |
||
| 020 | _a9789773444648 | ||
| 040 |
_aEG-CaGPL _cEG-CaGPL |
||
| 082 | 0 | 4 |
_221 _a953.082 _bق/م س |
| 100 | 0 | _aمحمد الششتاوى | |
| 245 | 1 | 2 |
_aالسلاطين السلاطين الثمانية اولاد السلطان الناصر محمد بن قلاوون / _cتاليف محمد الششتاوى |
| 250 | _aالاولى | ||
| 260 |
_aالقاهرة : _bدار الافاق العربية، _c2021. |
||
| 300 |
_a732 ص. : _bايض ؛ _c24 سم. |
||
| 504 | _aيشتمل على ارجاعات ببليوجرافية | ||
| 650 | 0 | 7 |
_2qrmak _aدولة المماليك |
| 650 | 0 | 7 |
_2qrmak _aالسلاطين |
| 651 | 0 | 7 |
_2qrmak _aمصر _xالملوك والحكام |
| 651 | 0 | 7 |
_2qrmak _aمصر _xتاريخ _yعصر المماليك ( 1250 - 1517 ) |
| 651 | 0 | 7 |
_2qrmak _aمصر _xتاريخ _yعصر المماليك ( 1250 - 1517 ) _xالسلطان الناصر حسن بن محمد بن قلاون |
| 942 |
_2ddc _cBK |
||
| 999 |
_c66949 _d66949 |
||